| 000 | 00803nam a22002417a 4500 | ||
|---|---|---|---|
| 005 | 20110816122752.0 | ||
| 008 | 110816t xxu||||| |||| 00| 0 eng d | ||
| 010 | _aENG-103491 | ||
| 020 |
_c225.00 _a9788188627097 |
||
| 035 | _aEN-87024 | ||
| 037 | _bDBAD/PUB | ||
| 040 |
_aDPL _bEng |
||
| 082 | _a305.42 | ||
| 100 |
_932849 _aRoy, Roshmi |
||
| 245 |
_aSisterhood of women / _cby Roshmi Roy |
||
| 260 |
_aKolkata _bBlue Pencil Publishing _c2009 |
||
| 270 |
_aB 13/4, payamanti,ECTP Phase I, _bKolkata _e700078 |
||
| 300 |
_aiv,229p. _c22cm(pbk) |
||
| 500 | _aIncludes index | ||
| 700 | _932850 | ||
| 942 |
_2ddc _cEN _mROY _h305.42 |
||
| 999 |
_c55432 _d55432 |
||